| 000 | 00402nam a22001697a 4500 | ||
|---|---|---|---|
| 003 | MACL | ||
| 005 | 20151213110711.0 | ||
| 008 | 151213b xxu||||| |||| 00| 0 eng d | ||
| 040 | _cMACL | ||
| 041 | _aEnglish | ||
| 082 | _a741.642 | ||
| 100 |
_aS. Ahamad _920126 |
||
| 245 | _aGreat Humanist Mother Teresa | ||
| 260 |
_bPustak Pitara _c2012 |
||
| 650 |
_aChildren book _920127 |
||
| 942 |
_2ddc _cHIN |
||
| 999 |
_c51505 _d51505 |
||